02002nam a22002775i 4500001000700000003000900007005001700016008004100033040003700074110001900111240001600130245016000146260007600306300001800382505079800400594006201198596005201260597002001312651004601332700004701378740007601425752002401501852005101525999001901576952012901595153801ES-MaACL20250827062634.0990505s1839 sp |||| | spa d aM-RACM bspa cM-RACM dCCPB | B1 aEspaña9362210aLeyes, etc.10aProntuario jurídico o Compilación de leyes, decretos, reglamentos y circulares vigentes espedidos y restablecidos para la administración de justicia. aMadrid : bLibrería de Rios, c1839 (fImprenta de D. Ramón Verges) av. ; c16 cm.8 aContiene: t. 1. Desde Enero de 1834 hasta 5 de Junio de 1839 (LVI, 387 p.) -- t. 2. Suplemento al prontuario en el que se contienen las disposiciones legales no incluidas en el prontuario que abraza desde 1.º de enero de 1834 hasta 5 de junio de 1839, y además todas las espedidas y restablecidas desde esta última fecha hasta fin de diciembre de 1840 (499 p.) -- t. 3. Las disposiciones legales espedidas desde 1.º de enero de 1841, hasta 9 de julio de 1842. Y además un índice cronológico de aquellas que han sido restablecidas y se contienen en los tomos 1.º y 2º de esta compilacion ( 291 p.) -- t. 4. Apendice a los tomos anteriores, y además todas las disposiciones legales publicadas y restablecidas desdee 9 de julio de 1842 hasta fin de diciembre de 1843 (XVI, 304 p.) 1aSegún Palau el compilador fue Fermín Verlanga Huerta. 1aLos t. 2-4 fueron impresos en la Imp. de Yenes. 1aPort. con grab. 0aEspaña-xLegislación-yS. XIX92222561 aVerlanga Huerta, Fermín, ecomp.91141430 aCompilación de leyes, decretos, reglamentos y circulares vigentes ... aEspaña - dMadrid aES-MaACLjD-315-318 z-- Enc. pasta española c153801d153801 001040708LIBXIXaATENEOMbATENEOMcSVId2008-01-17eSSCl0oD-315-318p901160798r2023-02-23 00:00:00w2023-02-23yMONANT